000 00549nam a2200181Ia 4500
003 GCL
008 140319s9999 xx 000 0 ara d
040 _aGCL /
_cGCL
082 0 4 _a152.454
_bد س
100 1 _aيوسف ميخائيل اسعد
245 1 0 _aالاسترخاء النفسى والعصبى /
_cيوسف ميخائيل اسعد
700 1 _aدافيد هارولدفنك
490 _aكتاب
_v0
650 0 4 _aعلم النفس
650 0 4 _aالعلاج بالاسترخاء
650 0 4 _aالاسترخاء
942 _2ddc
_cBK
999 _c42067
_d42067